Who did That in Avengers : Endgame - Multiple Choice - Statistics

General Stats
  • This quiz has been taken 8,574 times
    6,653 since last reset
  • The average score is 13 of 15
Answer Stats
Question Answer % Correct
Who died as a sacrifice to the Soul Stone? Natasha
97%
Who was in a Quantum Realm for about 5 years? Antman
96%
Who becomes old man? Captain America
96%
Who has a huge tummy? Thor
95%
Who died in the movie among the following? Iron Man
94%
Who wears Infinity Stone and snaps out Thanos and his army? Iron Man
93%
Who leaves along with Guardians of the Galaxy? Thor
93%
Who destroyed Thanos' spaceship while it was firing towards Avengers Army? Captain Marvel
90%
Whose memory had a glitch and hence displays a hologram of War Machine? Nebula
90%
Who goes back in time to keep the infinity stones in their original time and space? Captain America
87%
Who died two times in the movie? Thanos
83%
True/False: Strange did wrong by giving the time stone to Thanos in Infinity Wars. False
81%
Who brings Time Stone to the present? Hulk
72%
Who wears Infinity Stone Gauntlet and consequently brings the passed half population back? Hulk
69%
Who stopped the water tornado as it approaches towards war field? Doctor Strange
66%
No matching quizzes found
Score Distribution
Percent of People with Each Score
Percentile by Number Answered
Your Score History
You have not taken this quiz since the last reset